Redes energéticas en la Argentina (Registro nro. 34679)

Detalles MARC
000 -LEADER
fixed length control field 00415 a2200133 4500
001 - CONTROL NUMBER
control field ART_45120
005 - DATE AND TIME OF LATEST TRANSACTION
control field 20260410162039.0
008 - FIXED-LENGTH DATA ELEMENTS--GENERAL INFORMATION
fixed length control field 260409a
100 1# - MAIN ENTRY--PERSONAL NAME
Personal name Laurelli, Elsa
245 10 - TITLE STATEMENT
Title Redes energéticas en la Argentina
700 1# - ADDED ENTRY--PERSONAL NAME
Personal name Jacinto, Guillermina
700 1# - ADDED ENTRY--PERSONAL NAME
Personal name Carrizo, Silvina
773 0# - HOST ITEM ENTRY
Title Revista de estudios regionales y mercado de trabajo
Related parts - Nº 7 (ene./dic. 2011)
Record control number REV44894

No hay ítems disponibles.